| 000 | 00496nam a2200157 a 4500 | ||
|---|---|---|---|
| 005 | 20140412111314.0 | ||
| 008 | 010420s19uu xx 00 eng d | ||
| 020 | _a81-7181-557-X | ||
| 050 |
_aM 612.3 _bR523 1998 |
||
| 100 | _aRichardson, Joy | ||
| 245 |
_aWhat happens when you breathe? / _cJoy Richardson ; illustrated by Colin and Moira Maclean. |
||
| 260 |
_aLondon : _bLearners Press Pvt. Ltd, _c1998. |
||
| 300 | _a24p. ; ill. | ||
| 650 | _aBreathing-Study and teaching | ||
| 999 |
_c104156 _d104156 |
||